000 00342pab a2200145 454500
008 180718b1987 xxu||||| |||| 00| 0 eng d
100 _aSingh, Gurharpal
245 _aUnderstanding the "Punjab problem"
260 _c1987
300 _a1268-77
362 _aDec.
650 _aPunjab - Politics
773 _aAsian Survey
909 _a16840
999 _c16840
_d16840